Zawodnicy walczący dla KSW przed 2023 - Statystyki

Ogólne statystyki
  • Ten quiz został rozwiązany 537 razy
    2 od ostatniego zresetowania
  • Średni wynik to 30 z 494
Statystyki odpowiedzi
Narodowość Debiut Zawodnik % Poprawnych
POLSKA KSW 14 Borys Mańkowski
100%
POLSKA KSW 7 Mamed Khalidov
100%
POLSKA KSW 12 Mariusz Pudzianowski
100%
POLSKA KSW 23 Mateusz Gamrot
100%
POLSKA KSW 6 Michał Materla
100%
POLSKA KSW 59 Adrian Bartosiński
50%
POLSKA KSW 45 Akop Szostak
50%
POLSKA KSW 52 Albert Odzimkowski
50%
POLSKA KSW 50 Aleksandra Rola
50%
POLSKA KSW 26 Arbi Shamaev
50%
BRAZYLIA KSW 33 Ariane Lipski
50%
POLSKA KSW 73 Arkadiusz Wrzosek
50%
POLSKA KSW 14 Artur Sowiński
50%
POLSKA KSW 69 Artur Szczepaniak
50%
TURCJA KSW 9 Aziz Karaoglu
50%
HOLANDIA KSW 72 Brian Hooi
50%
POLSKA KSW 39 Damian Janikowski
50%
POLSKA KSW 63 Damian Piwowarczyk
50%
POLSKA KSW 51 Damian Stasiak
50%
CHORWACJA KSW 59 Darko Stosic
50%
POLSKA/NIEMCY KSW 29 David Zawada
50%
BOŚNIA I HERCEGOWINA KSW 44 Erko Jun
50%
BRAZYLIA KSW 37 Fernando Rodrigues
50%
POLSKA KSW 38 Gracjan Szadziński
50%
POLSKA KSW 67 Igor Michaliszyn
50%
ANGLIA KSW 16 James Thompson
50%
POLSKA KSW El. Jan Błachowicz
50%
BRAZYLIA KSW 13 Julio Cezar de Lima
50%
POLSKA KSW 75 Kamil Szkaradek
50%
POLSKA KSW 21 Karolina Kowalkiewicz
50%
POLSKA KSW 6 Krzysztof Kułak
50%
POLSKA KSW 1 Łukasz Jurkowski
50%
POLSKA KSW 12 Marcin Najman
50%
POLSKA KSW 15 Marcin Różalski
50%
POLSKA KSW 35 Marcin Wrzosek
50%
POLSKA KSW 44 Marian Ziółkowski
50%
POLSKA/NIEMCY KSW 6 Martin Zawada
50%
CZECHY KSW 71 Michal Martinek
50%
POLSKA KSW 43 Michał Michalski
50%
IRLANDIA PÓŁNOCNA KSW 39 Norman Parke
50%
ANGLIA KSW 22 Oli Thompson
50%
POLSKA KSW 67 Oskar Szczepaniak
50%
POLSKA KSW 37 Paweł Mikołajuw
50%
POLSKA KSW 63 Paweł Pawlak
50%
ANGLIA KSW 43 Phil De Fries
50%
POLSKA KSW 17 Rafał Moks
50%
CHORWACJA KSW 41 Roberto Soldić
50%
POLSKA KSW 56 Robert Ruchała
50%
FRANCJA KSW 41 Salahdine Parnasse
50%
ANGLIA KSW 42 Scott Askham
50%
STANY ZJEDNOCZONE KSW 21 Terry Martin
50%
POLSKA KSW 27 Tomasz Narkun
50%
POLSKA KSW 77 Wiktoria Czyżewska
50%
FRANCJA KSW 69 Wilson Varela
50%
JAPONIA KSW 13 Yusuke Kawaguchi
50%
NIEMCY KSW 25 Abu Azaitar
0%
NIEMCY KSW 57 Abusupiyan Magomedov
0%
POLSKA KSW 54 Adam Niedźwiedź
0%
POLSKA KSW 67 Adam Soldaev
0%
POLSKA KSW 64 Adam Tomasik
0%
POLSKA KSW 60 Adrian Dudek
0%
POLSKA KSW 75 Adrian Gralak
0%
POLSKA KSW 75 Adrianna Kreft
0%
HISZPANIA KSW 63 Aitana Alvarez
0%
SERBIA KSW 47 Aleksandar Ilic
0%
SERBIA KSW 10 Aleksandar Radosavljevic
0%
CHORWACJA KSW 58 Aleksandar Rakas
0%
UKRAINA KSW 77 Aleksandra Karaseva
0%
ROSJA KSW 8 Aleksei Oleinik
0%
SZWECJA KSW Ex. Alexandar Gustafsson
0%
NIEMCY KSW 7 Alexander Stefanovic
0%
ANGLIA KSW 45 Alfie Davis
0%
SZWECJA KSW 55 Andreas Gustafsson
0%
CZECHY KSW 11 Andre Reinders
0%
ANGLIA KSW 24 Andre Winner
0%
BIAŁORUŚ KSW 3 Andrey Gerasimchuk
0%
UKRAINA KSW 61 Andrey Lezhnev
0%
POLSKA KSW 53 Andrzej Grzebyk
0%
POLSKA KSW Ex. Andrzej Kumor
0%
POLSKA KSW 65 Anita Bekus
0%
CHORWACJA KSW 51 Ante Delija
0%
POLSKA KSW 2 Antoni Chmielewski
0%
BRAZYLIA KSW 7 Antonio Mendes
0%
FRANCJA KSW 10 Antony Rea
0%
CHORWACJA KSW 40 Antun Racic
0%
POLSKA KSW 18 Anzor Azhiev
0%
POLSKA KSW El.2 Arkadiusz Jędraczka
0%
POLSKA KSW 67 Arkadiusz Kaszuba
0%
POLSKA KSW 74 Arkadiusz Mruk
0%
POLSKA/ARMENIA KSW 54 Armen Stepanyan
0%
POLSKA KSW 11 Artur Kadłubek
0%
POLSKA KSW 5 Artur Reżka
0%
POLSKA KSW 2 Artur Zając
0%
LITWA KSW 12 Arunas Vilius
0%
POLSKA KSW 11 Aslambek Saidov
0%
SŁOWACJA KSW 11 Attila Vegh
0%
WALIA KSW 35 Azi Thomas
0%
POLSKA KSW 72 Bartłomiej Gładkowicz
0%
POLSKA KSW 42 Bartłomiej Kopera
0%
POLSKA KSW 33 Bartłomiej Kurczewski
0%
POLSKA KSW 70 Bartosz Leśko
0%
POLSKA KSW 65 Bartosz Rewera
0%
POLSKA KSW 1 Benedykt Stępień
0%
STANY ZJEDNOCZONE KSW 23 Ben Lagman
0%
STANY ZJEDNOCZONE KSW 19 Bob Sapp
0%
RUMUNIA KSW 48 Bogdan Barbu
0%
UKRAINA KSW 73 Bogdan Gnidko
0%
SŁOWENIA KSW 10 Bojan Kosednar
0%
POLSKA KSW 62 Borys Borkowski
0%
POLSKA KSW 74 Borys Dzikowski
0%
STANY ZJEDNOCZONE KSW 29 Brett Cooper
0%
BRAZYLIA KSW 57 Bruno Santos
0%
HOLANDIA KSW Ex. Bruns Marschiano
0%
IRLANDIA PŁN KSW 73 Carl McNally
0%
BRAZYLIA KSW 4 Carlos Eduardo
0%
BRAZYLIA KSW 34 Cassio Oliveira
0%
IRLANDIA KSW 50 Catherine Costigan
0%
NIEMCY KSW 16 Cengiz Dana
0%
POLSKA KSW 48 Cezary Kęsik
0%
BRAZYLIA KSW 27 Charles Andrade
0%
IRLANDIA KSW 40 Chris Fields
0%
NIEMCY KSW 57 Christian Eckerlin
0%
FRANCJA KSW Ex. Christian M'Pumbu
0%
NIEMCY KSW 42 Christopher Henze
0%
STANY ZJEDNOCZONE KSW 20 Christos Piliafas
0%
ANGLIA KSW 18 Curt Warburton
0%
POLSKA KSW 59 Cyprian Wieczorek
0%
POLSKA KSW 49 Damian Grabowski
0%
POLSKA KSW 66 Damian Skarżyński
0%
CHORWACJA KSW 4 Damir Mirenic
0%
BRAZYLIA KSW 11 Daniel Acacio
0%
CHORWACJA KSW 58 Daniel Bazant
0%
POLSKA KSW El. Daniel Dowda
0%
POLSKA KSW 12 Daniel Omielańczuk
0%
POLSKA KSW 64 Daniel Rutkowski
0%
HISZPANIA KSW Ex. Daniel Tabera
0%
AUSTRIA/BRAZYLIA KSW 44 Daniel Torres
0%
HOLANDIA KSW El.2 Danny van Bergen
0%
HISZPANIA KSW 51 Darwin Rodriguez
0%
HOLANDIA KSW 8 Dave Dalgliesh
0%
CZECHY/POLSKA KSW 58 David Martinik
0%
STANY ZJEDNOCZONE KSW 12 David Oliva
0%
POLSKA KSW 12 Dawid Baziak
0%
POLSKA KSW 44 Dawid Gralka
0%
POLSKA KSW 67 Dawid Śmiełowski
0%
ANGLIA KSW 12 Dean Amasinger
0%
BRAZYLIA KSW 37 Denilson Neves
0%
RUMUNIA KSW 36 Diana Belbita
0%
HOLANDIA KSW 10 Dion Staring
0%
ROSJA KSW FC Dmitriy Zabolotny
0%
SZWECJA KSW Ex2 Domingos Mestre
0%
CZECHY KSW 73 Dominik Humburger
0%
BELGIA KSW 61 Donovan Desmae
0%
RPA KSW 43 Drcus Du Plessis
0%
UKRAINA KSW 74 Eduard Demenko
0%
LITWA KSW 9 Edvardas Norkeliunas
0%
POLSKA KSW 63 Emilia Czerwińska
0%
POLSKA KSW 1 Emiliusz Ręgiel
0%
NORWEGIA KSW 74 Emil Weber Meek
0%
STANY ZJEDNOCZONE KSW 14 Eric Esch
0%
HOLANDIA KSW 71 Errol Zimmerman
0%
HOLANDIA KSW 6 Evert Fyeet
0%
BRAZYLIA KSW 34 Fabiano Silva
0%
CHORWACJA KSW 62 Filip Bradaric
0%
CHORWACJA KSW 48 Filip Pejic
0%
POLSKA KSW 71 Filip Stawowy
0%
POLSKA KSW 35 Filip Wolański
0%
WŁOCHY KSW 66 Francesco Moricca
0%
FRANCJA KSW 5 Francis Carmont
0%
ARGENTYNA/CHORWACJA KSW 56 Francisco Barrio
0%
KOLUMBIA KSW 62 Gilber Ordonez
0%
MACEDONIA KSW 5 Goce Candovski
0%
CHORWACJA KSW 22 Goran Reljic
0%
FRANCJA KSW FC Gregory Babene
0%
ARMENIA KSW 13 Grigor Ashughbabyan
0%
POLSKA KSW 9 Grzegorz Jakubowski
0%
POLSKA KSW 31 Grzegorz Szulakowski
0%
PORTUGALIA KSW 72 Gustavo Oliveira
0%
BRAZYLIA KSW 58 Guto Inocente
0%
NIEMCY KSW 42 Hatef Moeil
0%
ANGOLA KSW 26 Helson Henriques
0%
NIGERIA KSW 76 Henry Fadipe
0%
STANY ZJEDNOCZONE KSW 20 Houston Alexander
0%
POLSKA KSW 48 Hubert Szymajda
0%
ROSJA/TURCJA KSW 66 Ibragim Chuzhigaev
0%
ROSJA/SZWAJCARIA KSW 67 Idris Amizhaev
0%
BRAZYLIA KSW 6 Igor Araujo
0%
POLSKA KSW 2 Igor Kołacin
0%
CHORWACJA KSW 4 Igor Pokrajac
0%
SŁOWACJA KSW 5 Ilja Skondric
0%
RUMUNIA KSW 55 Ion Surdu
0%
UKRAINA KSW 26 Iryna Kyselova
0%
ARMENIA KSW 7 Ishkhan Zakharian
0%
SŁOWACJA KSW 52 Ivan Buchinger
0%
CHORWACJA KSW 51 Ivan Erslan
0%
CHORWACJA KSW 51 Ivica Truscek
0%
POLSKA KSW 54 Izu Ugonoh
0%
POLSKA KSW 3 Jacek Buczko
0%
POLSKA KSW 20 Jacek Wiśniewski
0%
POLSKA KSW 48 Jakub Kamieniarz
0%
POLSKA KSW 25 Jakub Kowalewicz
0%
POLSKA KSW 53 Jakub Wikłacz
0%
STANY ZJEDNOCZONE KSW 15 James Irvin
0%
ANGLIA KSW 32 James McSweeney
0%
ANGLIA KSW 12 James Zikic
0%
ANGLIA KSW 45 Jamie Sloane
0%
SŁOWACJA KSW 7 Jan Antoska
0%
AUSTRIA KSW 27 Jasminka Cive
0%
STANY ZJEDNOCZONE KSW 4 Jason Guida
0%
ANGLIA KSW 50 Jason Radcliffe
0%
HOLANDIA KSW 70 Jason Wilnis
0%
BRAZYLIA KSW 19 Jay Silva
0%
POLSKA KSW Ex. Jędrzej Kubski
0%
POLSKA KSW 31 Jędrzej Maćkowiak
0%
ANGLIA KSW 27 Jefferson George
0%
STANY ZJEDNOCZONE KSW 17 Jesse Taylor
0%
ANGLIA KSW 32 Jim Wallhead
0%
BUŁGARIA KSW 69 Jivko Stoimenov
0%
ANGLIA KSW 37 John Maguire
0%
BRAZYLIA/NIEMCY KSW 50 Joilton Lutterbach
0%
BUŁGARIA KSW 5 Jordan Radev
0%
BRAZYLIA KSW 28 Jorge Bezerra
0%
BRAZYLIA KSW 68 Jose Marcos
0%
STANY ZJEDNOCZONE KSW 39 Julio Gallegos
0%
POLSKA KSW 56 Justyna Haba
0%
POLSKA KSW 54 Kacper Koziorzębski
0%
BRAZYLIA KSW 30 Kalindra Faria
0%
POLSKA KSW 26 Kamila Porczyk
0%
POLSKA KSW 18 Kamil Bazelak
0%
POLSKA KSW 76 Kamil Gawryjołek
0%
POLSKA KSW 28 Kamil Gniadek
0%
POLSKA KSW 38 Kamil Selwa
0%
POLSKA KSW 31 Kamil Szymuszowski
0%
POLSKA KSW 18 Kamil Waluś
0%
STANY ZJEDNOCZONE KSW 20 Karl Knothe
0%
CHORWACJA KSW 54 Karlo Caput
0%
POLSKA KSW 8 Karol Bedorf
0%
POLSKA KSW 26 Karol Celiński
0%
POLSKA KSW 42 Karolina Owczarz
0%
POLSKA KSW 55 Karolina Wójcik
0%
POLSKA KSW 33 Katarzyna Lubońska
0%
JAPONIA KSW 14 Kazuki Tokudome
0%
STANY ZJEDNOCZONE KSW 21 Kendall Grove
0%
POLSKA KSW Ex. Kerim Abzailov
0%
STANY ZJEDNOCZONE KSW 22 Kevin Asplund
0%
BRAZYLIA/JAPONIA KSW 30 Kleber Koike Erbst
0%
NIEMCY/POLSKA KSW 59 Konrad Dyrschka
0%
POLSKA/IRLANDIA KSW 40 Konrad Iwanowski
0%
ROSJA KSW 12 Konstantin Glukhov
0%
POLSKA KSW 73 Krystian Bielski
0%
POLSKA KSW 42 Krystian Kaszubowski
0%
POLSKA KSW 47 Krzysztof Klaczek
0%
POLSKA KSW 2 Krzysztof Mila
0%
POLSAK KSW 11 Krzysztof Sadecki
0%
POLSKA KSW El.2 Lech Zamorski
0%
SŁOWENIA KSW 51 Lemmy Krusic
0%
CHORWACJA KSW 44 Leo Zulic
0%
POLSKA KSW 32 Leszek Krakowski
0%
HISZPANIA KSW 59 Lionel Padilla
0%
NIEMCY KSW 62 Lom Ali Eskiev
0%
CZECHY KSW 69 Lubos Lesak
0%
BRAZYLIA KSW 49 Luis Henrique
0%
BRAZYLIA KSW 75 Luis Henrique da Silva
0%
BRAZYLIA KSW 23 Luiz Cado
0%
POLSKA KSW 33 Łukasz Bieńkowski
0%
POLSKA KSW 3 Łukasz Chlewicki
0%
POLSKA KSW 11 Łukasz Christ
0%
POLSKA KSW FC Łukasz Działowy
0%
POLSKA KSW 45 Łukasz Parobiec
0%
POLSKA KSW 27 Łukasz Rajewski
0%
POLSKA KSW El. Łukasz Skibski
0%
POLSKA KSW 8 Łukasz Woś
0%
POLSKA KSW 5 Maciej Górski
0%
POLSKA KSW 17 Maciej Jewtuszko
0%
POLSKA KSW 43 Maciej Kaliciński
0%
POLSKA KSW 36 Maciej Kazieczko
0%
MOŁDAWIA KSW 75 Madalin Pirvulescu
0%
CZECHY KSW 65 Magdalena Sormova
0%
NIEMCY KSW 8 Maik Stumbries
0%
BRAZYLIA KSW 27 Maiquel Falcao
0%
FRANCJA KSW 35 Mansour Barnaoui
0%
NIEMCY KSW 65 Marc Doussis
0%
POLSKA KSW FC Marcin Bartkiewicz
0%
POLSKA KSW 31 Marcin Gułaś
0%
POLSKA KSW 57 Marcin Krakowiak
0%
POLSKA KSW 37 Marcin Łazarz
0%
POLSKA KSW El. Marcin Makowski
0%
POLSKA KSW 19 Marcin Naruszczka
0%
POLSKA KSW 28 Marcin Parcheta
0%
POLSKA KSW 63 Marcin Trzciński
0%
POLSKA KSW El.2 Marcin Wójcik
0%
POLSKA KSW 3 Marcin Zontek
0%
WŁOCHY KSW Ex2 Marco Santi
0%
POLSKA KSW El.2 Marek Kowalczyk
0%
POLSKA KSW 60 Marek Samociuk
0%
BRAZYLIA KSW 40 Mariana Morais
0%
ROSJA KSW 32 Marif Piraev
0%
BRAZYLIA KSW 18 Mario Miranda
0%
LITWA KSW 3 Marius Skyrius
0%
LITWA KSW 56 Marius Zaromskis
0%
POLSKA KSW 36 Mariusz Mazur
0%
POLSKA KSW Ex. Mariusz Pioskowik
0%
POLSKA KSW El. Mariusz Slotta
0%
SŁOWENIA KSW Ex. Marko Drmonjic
0%
CHORWACJA KSW 10 Maro Perak
0%
POLSKA KSW 19 Marta Chojnoska
0%
ROSJA KSW 5 Martin Malkhasyan
0%
POLSKA KSW 25 Mateusz Dubiłowicz
0%
POLSKA KSW 56 Mateusz Legierski
0%
POLSKA KSW 23 Mateusz Piskorz
0%
POLSKA KSW Ex2 Mateusz Strzelczyk
0%
POLSKA KSW 23 Mateusz Zawadzki
0%
CHORWACJA KSW 10 Matias Baric
0%
WŁOCHY KSW 10 Matteo Minonzio
0%
STANY ZJEDNOCZONE KSW 17 Matt Horwich
0%
STANY ZJEDNOCZONE KSW 16 Matt Lindland
0%
NIEMCY KSW 56 Max Coga
0%
ROSJA KSW 12 Maxim Grishin
0%
HOLANDIA KSW 23 Melvin Manhoef
0%
SZWAJCARIA KSW 49 Michael Dubois
0%
HOLANDIA KSW 10 Michael Knaap
0%
POLSKA KSW 26 Michał Andryszak
0%
POLSKA KSW 2 Michał Chmielewski
0%
POLSKA KSW 56 Michał Domin
0%
POLSKA KSW El.2 Michał Fijałka
0%
POLSKA KSW 33 Michał Kita
0%
POLSKA KSW 14 Michał Mankiewicz
0%
POLSKA KSW 50 Michał Pietrzak
0%
POLSKA KSW 60 Michał Sobiech
0%
POLSKA KSW 28 Michał Włodarek
0%
WŁOCHY KSW 69 Michele Baiano
0%
WŁOCHY KSW 11 Michele Verginelli
0%
STANY ZJEDNOCZONE KSW 25 Mike Hayes
0%
CZARNOGÓRA KSW 51 Milos Janicic
0%
POLSKA KSW 73 Miłosz Melchert
0%
LITWA KSW 35 Mindaugas Verzbickas
0%
CZECHY KSW 65 Miroslav Broz
0%
NORWEGIA KSW 30 Mohsen Bahari
0%
FRANCJA KSW 8 Moise Rimbon
0%
SŁOWENIA KSW 61 Monika Kucinic
0%
POLSKA KSW 69 Natalia Baczyńska
0%
CHORWACJA KSW 5 Neno Alilovic
0%
STANY ZJEDNOCZONE KSW 26 Nick Rossborough
0%
CHORWACJA KSW 6 Nikica Gulin
0%
SZWECJA KSW 66 Niklas Backstrom
0%
ROSJA KSW El.2 Nikolai Onikienko
0%
SERBIA/POLSKA KSW 59 Nikola Milanovic
0%
FINLANDIA KSW 14 Niko Puhakka
0%
POLSKA KSW 1 Norbert Świerblewski
0%
UKRAINA KSW 75 Oleksii Polischuck
0%
BRAZYLIA KSW 77 Oton Jasse
0%
FRANCJA KSW 64 Oumar Sy
0%
NIEMCY KSW 67 Pascal Hintzen
0%
FRANCE KSW 27 Patrick Vallee
0%
CZECHY KSW 57 Patrik Kincl
0%
POLSKA KSW 69 Patryk Chrobak
0%
POLSKA KSW 31 Patryk Grudniewski
0%
POLSKA KSW 60 Patryk Kaczmarczyk
0%
POLSKA KSW 59 Patryk Likus
0%
POLSKA KSW 55 Patryk Surdyn
0%
POLSKA KSW 21 Paulina Bońkowska
0%
POLSKA KSW 42 Paulina Raszewska
0%
POLSKA KSW 19 Paulina Suska
0%
IRLANDIA KSW 40 Paul Lawrence
0%
BRAZYLIA KSW 40 Paulo Thiago
0%
IRLANDIA KSW 40 Paul Redmond
0%
SZKOCJA KSW 14 Paul Reed
0%
CZECHY KSW 22 Pavel Svoboda
0%
POLSKA KSW El. Paweł Gasiński
0%
POLSKA KSW Ex2 Paweł Głębocki
0%
POLSKA KSW 7 Paweł Jóźwiak
0%
POLSKA KSW El. Paweł Morawski
0%
POLSKA KSW 22 Paweł Nastula
0%
POLSKA KSW 40 Paweł Polityło
0%
POLSKA KSW 24 Paweł Słowiński
0%
POLSKA KSW 1 Paweł Trześniewski
0%
POLSKA KSW 2 Paweł Zalewski
0%
POLSKA KSW FC Paweł Żydak
0%
AUSTRALIA KSW 28 Peter Graham
0%
NIEMCY KSW Ex. Peter Sobotta
0%
CZECHY KSW 75 Petra Castkova
0%
CZECHY KSW El.2 Petr Ondrus
0%
POLSKA KSW 5 Piotr Bagiński
0%
POLSKA KSW 68 Piotr Kacprzak
0%
POLSKA KSW 65 Piotr Olszynka
0%
POLSKA KSW 21 Piotr Strus
0%
POLSKA KSW 33 Piotr Wawrzyniak
0%
POLSKA KSW 3 Przemysław Biskup
0%
POLSKA KSW 71 Przemysław Dzwoniarek
0%
POLSKA KSW 50 Przemysław Mysiala
0%
POLSKA KSW 7 Przemysław Saleta
0%
PORTUGALIA KSW 54 Quentin Domingos
0%
POLSKA KSW 70 Radosław Paczuski
0%
POLSKA KSW Ex2 Rafał Błachuta
0%
POLSKA KSW 28 Rafał Jackiewicz
0%
POLSKA KSW 68 Rafał Kijańczuk
0%
POLSKA KSW Ex2 Rafał Schabek
0%
POLSKA KSW 1 Rafał Tomasiuk
0%
KAMERUN KSW 15 Rameau Thierry Sokoudjou
0%
BRAZYLIA KSW 73 Reginaldo Vieira
0%
LITWA KSW 3 Remigius Ziausys
0%
BRAZYLIA KSW 36 Renato Gomes
0%
BRAZYLIA/NIEMCY KSW 68 Ricardo Prasel
0%
LITWA KSW 7 Rimgaudas Kutkaitis
0%
WŁOCHY KSW 70 Roberta Zocco
0%
POLSKA/LITWA KSW 39 Robert Burneika
0%
POLSKA KSW 5 Robert Jocz
0%
POLSKA KSW 66 Robert Maciejowski
0%
POLSKA KSW Ex2 Robert Radomski
0%
POLSKA KSW El. Robert Świerblewski
0%
HOLANDIA KSW 20 Rodney Glunder
0%
STANY ZJEDNOCZONE KSW 19 Rodney Wallace
0%
BRAZYLIA KSW 30 Rodrigo Cavalheiro
0%
HISZPANIA KSW 15 Rogent Lloret
0%
BRAZYLIA KSW 28 Rolles Gracie
0%
POLSKA KSW 1 Roman Szaszkow
0%
POLSKA KSW 37 Roman Szymański
0%
BRAZYLIA KSW 36 Rousimar Palhares
0%
NIEMCY KSW Ex2 Ruben Crawford
0%
JAPONIA KSW 13 Ryuta Sakurai
0%
CHORWACJA KSW 63 Sara Luzar Smajic
0%
INDIE KSW Ex. Satisch Jhamai
0%
JAPONIA/CHORWACJA KSW 47 Satoshi Ishi
0%
CZARNOGÓRA KSW 48 Savo Lazic
0%
STANY ZJEDNOCZONE KSW 23 Sean McCorkle
0%
POLSKA KSW El. Sebastian Olchawa
0%
POLSKA KSW 44 Sebastian Przybysz
0%
POLSKA KSW 54 Sebastian Rajewski
0%
POLSKA KSW 37 Sebastian Romanowski
0%
LITWA KSW 26 Sergej Grecicho
0%
ROSJA KSW 11 Sergey Nikitin
0%
LITWA KSW 3 Sergey Razvadovskij
0%
ROSJA KSW 16 Sergey Shemetov
0%
UKRAINA KSW 71 Serhiy Radchenko
0%
SENEGAL KSW 64 Serigne Ousmane Dia
0%
POLSKA KSW 65 Shamad Erzanukaev
0%
NIEMCY KSW 67 Shamil Banukayev
0%
POLSKA KSW 48 Shamil Musaev
0%
NIEMCY KSW 36 Sheila Gaff
0%
STANY ZJEDNOCZONE KSW 4 Shonie Carter
0%
ARGENTYNA KSW 42 Silvana Juarez
0%
CZECHY KSW 24 Simona Soukupova
0%
POLSKA KSW 3 Sławomir Zięba
0%
GRUZJA KSW 74 Sofiia Bagishvili
0%
CHORWACJA KSW 52 Srdan Marovic
0%
CHORWACJA KSW 48 Stjepan Bekavac
0%
BUŁGARIA KSW 34 Svetoslav Savov
0%
POLSKA KSW 55 Sylwia Juśkiewicz
0%
POLSKA KSW 28 Szymon Bajor
0%
POLSKA KSW 63 Szymon Karolczyk
0%
POLSKA KSW 47 Szymon Kołecki
0%
BRAZYLIA KSW 45 Thiago Silva
0%
POLSKA KSW 31 Tomasz Drwal
0%
POLSKA KSW 53 Tomasz Jakubiec
0%
POLSKA KSW 29 Tomasz Kondraciuk
0%
POLSKA KSW El.2 Tomasz Mącior
0%
POLSKA KSW 38 Tomasz Matusewicz
0%
POLSKA KSW El. Tomasz Molski
0%
POLSKA KSW El.2 Tomasz Niedźwiecki
0%
POLSKA KSW 41 Tomasz Oświeciński
0%
POLSKA KSW 55 Tomasz Romanowski
0%
POLSKA KSW 62 Tomasz Sarara
0%
POLSKA KSW 2 Tomasz Stanclik
0%
WIELKA BRYTANIA KSW 74 Tom Breese
0%
IRLANDIA KSW 68 Tommy Quinn
0%
FINLANDIA KSW 15 Toni Valtonen
0%
CHORWACJA KSW El. Tony Galic
0%
ANGLIA KSW 50 Tony Giles
0%
POLSKA KSW 39 Tyberiusz Kowalczyk
0%
SŁOWENIA KSW 58 Uros Jurisic
0%
LITWA KSW 6 Valdas Pocevicius
0%
HOLANDIA KSW 18 Valentijn Overeem
0%
MOŁDAWIA KSW 71 Valeriu Mircea
0%
CZARNOGÓRA KSW 28 Vaso Bakocevic
0%
BRAZYLIA KSW 46 Vinicius Bohrer
0%
STANY ZJEDNOCZONE KSW 25 Virgil Zwicker
0%
BRAZYLIA KSW 9 Vitor Nobrega
0%
BIAŁORUŚ KSW 4 Vladimir Yushko
0%
SŁOWACJA KSW 60 Vojto Barborik
0%
BRAZYLIA KSW 44 Wagner Prado
0%
BRAZYLIA KSW Ex2 Wanderson Silva
0%
BRAZYLIA KSW 69 Werlleson Martins
0%
POLSKA KSW 63 Weronika Eszer
0%
POLSKA KSW 66 Wojciech Janusz
0%
POLSKA KSW 69 Wojciech Kazieczko
0%
POLSKA KSW 12 Wojciech Orłowski
0%
ANGLIA KSW 43 Yannick Bahati
0%
FRANCJA KSW 68 Yann Kouadja
0%
LUKSEMBURG KSW 67 Yann Liasse
0%
SZWAJCARIA KSW 34 Yasubey Enomoto
0%
UKRAINA KSW 2 Yuri Pilipchuk
0%
JAPONIA KSW 9 Yusuke Masuda
0%
POLSKA KSW Ex. Zaurbek Muchaev
0%
GRUZJA KSW 67 Zuriko Jojua
0%
Nie znaleziono quizów pasujących do podanych kryteriów
Rozkład punktacji
Procent ludzi z każdym wynikiem
Percentyl według liczby udzielonych odpowiedzi
Twoja historia wyników
Nie rozwiązałeś tego quizu od ostatniego zresetowania